Material'no-techničeskaja baza proizvodstva strategija planomernogo razvitija
Guardado en:
| Formato: | Libro |
|---|---|
| Lenguaje: | ruso |
| Publicado: |
Moskva
Mysl'
1980
|
| Etiquetas: |
Sin Etiquetas, Sea el primero en etiquetar este registro!
|
MARC
| LEADER | 00000nam a2200000 4500 | ||
|---|---|---|---|
| 001 | c141383 | ||
| 005 | 20041019155321.7 | ||
| 041 | 0 | |a rus | |
| 044 | |a RU | ||
| 245 | 1 | 0 | |a Material'no-techničeskaja baza proizvodstva |b strategija planomernogo razvitija |
| 264 | 1 | |a Moskva |b Mysl' |c 1980 | |
| 300 | |a 275 s. | ||